| 000 | 00528nam a22001937a 4500 | ||
|---|---|---|---|
| 003 | OSt | ||
| 005 | 20140310182159.0 | ||
| 008 | 130902t xxu||||| |||| 00| 0 eng d | ||
| 050 |
_aBS 195 _bG646 1966 |
||
| 082 |
_aHS 220.5 _bG61 1979 |
||
| 245 |
_aGood news Bible : _bwith Deuterocanonicals/Apocrypha / |
||
| 260 |
_aNew York : _bAmerican Bible Society, _cc1966. |
||
| 300 |
_a413 p. : _bill, ; _c20 cm. |
||
| 500 | _aincludes index. | ||
| 541 | _j1 | ||
| 562 | _e1 | ||
| 650 |
_aBible. _916131 |
||
| 942 |
_2lcc _cHS |
||
| 999 |
_c10162 _d10162 |
||